[Event "BCF-ch U14"]
[Site "Hull"]
[Date "2024.08.03"]
[Round "7"]
[White "Patel, Diah Dipal"]
[Black "Pargan, Hasti"]
[Result "0-1"]
[WhiteElo "1452"]
[BlackElo "1555"]
[PlyCount "70"]
[EventDate "2024.07.28"]
[EventType "swiss"]
[EventRounds "7"]
[EventCountry "ENG"]
[SourceTitle "EXT 2025"]
[Source "ChessBase"]
[SourceDate "2024.10.14"]
[SourceVersion "1"]
[SourceVersionDate "2024.10.14"]
[SourceQuality "1"]

1. e4 e5 2. Nf3 Nc6 3. Nc3 Nf6 4. d3 Be7 5. g3 0-0 6. Bg2 Re8 7. 0-0 Bf8 8. Bg5 h6 9. Be3 d5 10. exd5 Nxd5 11. Nxd5 Qxd5 12. Nd4 Qd6 13. Nb5 Qd7 14. f4 Nd4 15. Nxd4 exd4 16. Bf2 Bc5 17. Qh5 Bb6 18. Rfe1 Qd8 19. Bd5 Rf8 20. Re4 c6 21. Bb3 Bd7 22. Rae1 Qf6 23. g4 Rae8 24. Bh4 Qd6 25. Rxe8 Bxe8 26. Be7 Qxf4 27. Bxf8 Kxf8 28. Rf1 Qe3+ 29. Kh1 f6 30. Qh4 Bd8 31. g5 c5 32. gxf6 Bc6+ 33. Qe4 Bxe4+ 34. dxe4 Qxe4+ 35. Kg1 Bxf6 0-1

[Event "BCF-ch U14 blitz"]
[Site "Hull"]
[Date "2024.07.25"]
[Round "5"]
[White "Patel, Diah Dipal"]
[Black "Ganti, Shriaansh"]
[Result "0-1"]
[WhiteElo "1553"]
[BlackElo "1881"]
[PlyCount "94"]
[EventDate "2024.07.25"]
[EventType "swiss (blitz)"]
[EventRounds "9"]
[EventCountry "ENG"]
[SourceTitle "CBM 221 Extra"]
[Source "ChessBase"]
[SourceDate "2024.09.30"]
[SourceVersion "1"]
[SourceVersionDate "2024.09.30"]
[SourceQuality "1"]

1. e4 Nf6 2. Nc3 e5 3. Nf3 Nc6 4. d3 h6 5. g3 Bc5 6. Bg2 d6 7. 0-0 Be6 8. h3 Qd7 9. g4 0-0-0 10. a3 h5 11. g5 Nh7 12. h4 Bh3 13. b4 Bb6 14. Nd5 Bxg2 15. Kxg2 Qg4+ 16. Kh1 Nd4 17. Nxb6+ axb6 18. Nxd4 Qxh4+ 19. Kg1 exd4 20. Qf3 Nxg5 21. Qf5+ Ne6 22. Bg5 Qxg5+ 23. Qxg5 Nxg5 24. a4 Kd7 25. a5 bxa5 26. Rxa5 Ne6 27. Rf5 Ke7 28. Rb5 b6 29. Rd5 c6 30. Rf5 g6 31. Rf3 Ra8 32. Rc1 Ra3 33. Rb1 Rha8 34. b5 c5 35. Rd1 Rc3 36. Rc1 Ra2 37. Kg2 Raxc2 38. Ra1 Nd8 39. Ra7+ Ke6 40. Ra6 c4 41. Rxb6 cxd3 42. e5 Kxe5 43. Rb8 d2 44. b6 d1Q 45. Rxd8 Qxf3+ 46. Kh2 Rxf2+ 47. Kg1 Rc1# 0-1

[Event "Isle of Wight op-B"]
[Site "Ryde"]
[Date "2024.04.21"]
[Round "4"]
[White "Patel, Diah Dipal"]
[Black "Chadwick, Susan E"]
[Result "1/2-1/2"]
[WhiteElo "1474"]
[BlackElo "1694"]
[PlyCount "70"]
[EventDate "2024.04.19"]
[EventType "swiss"]
[EventRounds "5"]
[EventCountry "ENG"]
[SourceTitle "EXT 2025"]
[Source "ChessBase"]
[SourceDate "2024.10.14"]
[SourceVersion "1"]
[SourceVersionDate "2024.10.14"]
[SourceQuality "1"]

1. e4 c6 2. Nf3 d5 3. d3 dxe4 4. Ng5 exd3 5. Bxd3 Qa5+ 6. Nc3 Nf6 7. Bd2 Qd8 8. Bf4 e6 9. 0-0 Be7 10. Be5 Nbd7 11. Bf4 0-0 12. Nce4 Nxe4 13. Nxe4 Nf6 14. Qf3 Nxe4 15. Qxe4 f5 16. Qf3 Bf6 17. Rad1 Qe7 18. Rfe1 Qf7 19. b3 b6 20. a4 Bb7 21. Bc4 Rfe8 22. Qe3 Kh8 23. Bxe6 Qg6 24. Qh3 Bc8 25. Bxc8 Rxe1+ 26. Rxe1 Rxc8 27. Be5 Re8 28. Qc3 Bxe5 29. Rxe5 Rxe5 30. Qxe5 h6 31. Qb8+ Kh7 32. Qxa7 Qd6 33. h3 Qd1+ 34. Kh2 Qd6+ 35. Kg1 Qd1+ 1/2-1/2

[Event "Peterborough 4NCL Easter U1700 op"]
[Site "Peterborough"]
[Date "2024.03.31"]
[Round "5"]
[White "Patel, Diah Dipal"]
[Black "Fisher, Neal"]
[Result "0-1"]
[WhiteElo "1495"]
[BlackElo "1694"]
[PlyCount "42"]
[EventDate "2024.03.29"]
[EventType "swiss"]
[EventRounds "7"]
[EventCountry "ENG"]
[SourceTitle "CBM 219 Extra"]
[Source "ChessBase"]
[SourceDate "2024.05.31"]
[SourceVersion "1"]
[SourceVersionDate "2024.05.31"]
[SourceQuality "1"]

1. e4 e5 2. Nf3 Nf6 3. Nc3 Bb4 4. Nxe5 0-0 5. d3 d6 6. Nf3 c6 7. g3 Bg4 8. h3 Be6 9. Bg2 Re8 10. 0-0 Qc8 11. g4 h5 12. Ng5 hxg4 13. Nxe6 Qxe6 14. f4 g6 15. f5 gxf5 16. exf5 Qe5 17. hxg4 Bc5+ 18. Kh1 Kg7 19. g5 Rh8+ 20. Bh3 Rxh3+ 21. Kg2 Qg3# 0-1

[Event "BCF-chT2 2324 (4NCL)"]
[Site "England"]
[Date "2024.03.17"]
[Round "8.38"]
[White "Frostick, Helen M"]
[Black "Patel, Diah Dipal"]
[Result "1-0"]
[WhiteElo "1851"]
[BlackElo "1495"]
[PlyCount "99"]
[EventDate "2023.11.11"]
[EventType "team-tourn"]
[EventRounds "11"]
[EventCountry "ENG"]
[SourceTitle "CBM 219 Extra"]
[Source "ChessBase"]
[SourceDate "2024.05.31"]
[SourceVersion "1"]
[SourceVersionDate "2024.05.31"]
[SourceQuality "1"]
[WhiteTeam "CSC/Kingston"]
[BlackTeam "Barbican"]
[WhiteTeamCountry "ENG"]
[BlackTeamCountry "ENG"]

1. d4 d5 2. Bf4 Nf6 3. e3 a6 4. Nd2 Nc6 5. h3 g6 6. Ngf3 Bg7 7. Be2 0-0 8. 0-0 h6 9. Ne5 g5 10. Nxc6 bxc6 11. Be5 Bf5 12. Bd3 e6 13. f3 Re8 14. e4 Bg6 15. c3 c5 16. Bc2 c4 17. b3 cxb3 18. axb3 c6 19. Re1 Bf8 20. b4 Nd7 21. Bh2 Bg7 22. e5 Bxc2 23. Qxc2 f5 24. exf6 Nxf6 25. Nb3 Nd7 26. Qd3 e5 27. Bg3 exd4 28. Nxd4 Qf6 29. Rxa6 Rxe1+ 30. Bxe1 Re8 31. Bf2 Qf4 32. Ne2 Qe5 33. Ra2 Bf8 34. Qg6+ Bg7 35. Bd4 Qe7 36. Bxg7 Qxg7 37. Qxe8+ Kh7 38. Ra7 Qf6 39. Rxd7+ Qg7 40. Rxg7+ Kxg7 41. Qxc6 h5 42. Qxd5 g4 43. hxg4 hxg4 44. Qg5+ Kf7 45. Qxg4 Ke8 46. Qg7 Kd8 47. b5 Kc8 48. b6 Kb8 49. Qc7+ Ka8 50. Qa7# 1-0

[Event "British Rapidplay"]
[Site "Peterborough"]
[Date "2024.03.03"]
[Round "9"]
[White "Gevorgyan, Albert R"]
[Black "Patel, Diah Dipal"]
[Result "1-0"]
[WhiteElo "1929"]
[BlackElo "1495"]
[PlyCount "107"]
[EventDate "2024.03.02"]
[EventType "swiss (rapid)"]
[EventRounds "11"]
[EventCountry "ENG"]
[SourceTitle "CBM 219 Extra"]
[Source "ChessBase"]
[SourceDate "2024.05.31"]
[SourceVersion "1"]
[SourceVersionDate "2024.05.31"]
[SourceQuality "1"]

1. e4 e5 2. Nf3 Nc6 3. Bc4 Nf6 4. d3 g6 5. Bg5 Bg7 6. Nc3 h6 7. Be3 0-0 8. Qd2 d6 9. Bxh6 Nh5 10. Bxg7 Nxg7 11. Qh6 Ne6 12. Bxe6 fxe6 13. Qxg6+ Kh8 14. Qh5+ Kg8 15. Qg5+ Kh8 16. Qxd8 Rxd8 17. Ng5 Nd4 18. Nf7+ Kg8 19. Nxd8 Nxc2+ 20. Kd2 Nxa1 21. Rxa1 Bd7 22. Nxb7 Rf8 23. Ke3 c6 24. Na5 d5 25. Na4 d4+ 26. Ke2 Be8 27. Nc5 Bh5+ 28. f3 Be8 29. Nxe6 Rf6 30. Nc5 Rg6 31. Kf2 Rh6 32. h3 a6 33. Nxa6 Rh7 34. Nc5 Ra7 35. Nab3 Bf7 36. a4 Bxb3 37. Nxb3 Rb7 38. Ra3 Kg7 39. a5 c5 40. Nxc5 Rxb2+ 41. Kg3 Kh6 42. a6 Rb6 43. a7 Rg6+ 44. Kf2 Rg8 45. a8R Rxa8 46. Rxa8 Kg5 47. Kg3 Kh5 48. Rg8 Kh6 49. Kg4 Kh7 50. Rg5 Kh6 51. Kf5 Kh7 52. Kf6 Kh8 53. Kf7 Kh7 54. Rh5# 1-0

[Event "British Rapidplay"]
[Site "Peterborough"]
[Date "2024.03.02"]
[Round "1"]
[White "Green, Michael"]
[Black "Patel, Diah Dipal"]
[Result "1-0"]
[WhiteElo "1961"]
[BlackElo "1495"]
[PlyCount "85"]
[EventDate "2024.03.02"]
[EventType "swiss (rapid)"]
[EventRounds "11"]
[EventCountry "ENG"]
[SourceTitle "CBM 219 Extra"]
[Source "ChessBase"]
[SourceDate "2024.05.31"]
[SourceVersion "1"]
[SourceVersionDate "2024.05.31"]
[SourceQuality "1"]

1. Nf3 Nc6 2. d4 d5 3. c3 Nf6 4. Bf4 g6 5. h3 Bg7 6. e3 0-0 7. Be2 Bf5 8. 0-0 h6 9. Bh2 e6 10. Nbd2 g5 11. Re1 Qe7 12. a4 a5 13. Nb1 Nd7 14. Bxc7 e5 15. dxe5 Ndxe5 16. Bb6 Nxf3+ 17. Bxf3 Be4 18. Na3 Ra6 19. Bd4 Bxf3 20. Qxf3 Nxd4 21. exd4 Qd7 22. Nb5 Rf6 23. Qe2 b6 24. Qg4 Qc6 25. Qd1 Rf5 26. Qb3 Qf6 27. Re2 Rf4 28. Qxd5 g4 29. Qd6 Qg5 30. h4 Qf5 31. g3 Rf3 32. Rf1 Qd3 33. Qe7 Bf6 34. Qe4 Qc4 35. Qxg4+ Bg7 36. Qxf3 Qxa4 37. Nd6 Qd7 38. Nf5 f6 39. Qg4 Rf7 40. Qg6 Kh8 41. Nxg7 Rxg7 42. Re8+ Rg8 43. Rxg8# 1-0

[Event "British Rapidplay"]
[Site "Peterborough"]
[Date "2024.03.02"]
[Round "6"]
[White "Patel, Diah Dipal"]
[Black "Li, Xiaofan"]
[Result "0-1"]
[WhiteElo "1495"]
[BlackElo "1797"]
[PlyCount "88"]
[EventDate "2024.03.02"]
[EventType "swiss (rapid)"]
[EventRounds "11"]
[EventCountry "ENG"]
[SourceTitle "CBM 219 Extra"]
[Source "ChessBase"]
[SourceDate "2024.05.31"]
[SourceVersion "1"]
[SourceVersionDate "2024.05.31"]
[SourceQuality "1"]

1. e4 c6 2. Nf3 d5 3. d3 Bg4 4. Nc3 e6 5. h3 Bh5 6. g4 Bg6 7. Qe2 Na6 8. Bg2 Bb4 9. Bd2 Nf6 10. e5 Nd7 11. Rc1 0-0 12. 0-0 Be7 13. Nd1 Nc7 14. c3 c5 15. d4 c4 16. b3 Bd3 17. Qe3 Bxf1 18. Bxf1 b5 19. Nb2 a5 20. Bg2 Ba3 21. Rb1 cxb3 22. axb3 a4 23. b4 Bxb2 24. Rxb2 Nb6 25. h4 Nc4 26. Qd3 Nxb2 27. Qc2 a3 28. Ng5 g6 29. h5 f6 30. Nxh7 f5 31. Nf6+ Rxf6 32. exf6 a2 33. f7+ Kxf7 34. hxg6+ Kg8 35. gxf5 a1Q+ 36. Bf1 Qh4 37. Bc1 Qg4+ 38. Bg2 Qxf5 39. Qd2 Nd3 40. Qh6 Qxc1+ 41. Qxc1 Qxf2+ 42. Kh1 Nxc1 43. g7 Ra2 44. c4 Qxg2# 0-1

[Event "Hull 4NCL op-C"]
[Site "Hull"]
[Date "2023.09.10"]
[Round "4"]
[White "Scotter, John"]
[Black "Patel, Diah Dipal"]
[Result "1-0"]
[WhiteElo "1526"]
[BlackElo "1455"]
[PlyCount "95"]
[EventDate "2023.09.08"]
[EventType "swiss"]
[EventRounds "5"]
[EventCountry "ENG"]
[SourceTitle "CBM 216 Extra"]
[Source "ChessBase"]
[SourceDate "2023.11.30"]
[SourceVersion "1"]
[SourceVersionDate "2023.11.30"]
[SourceQuality "1"]

1. d4 d5 2. c4 Nf6 3. e3 e6 4. Nc3 g6 5. Nf3 Bg7 6. Be2 0-0 7. 0-0 Nc6 8. a3 h6 9. b4 g5 10. h3 Nh7 11. Bb2 f5 12. b5 Na5 13. Ne5 Bxe5 14. dxe5 Nxc4 15. Bxc4 dxc4 16. Qh5 g4 17. hxg4 fxg4 18. Qxg4+ Ng5 19. f4 Rf5 20. e4 Qd4+ 21. Kh1 Rf7 22. Rad1 Qe3 23. fxg5 hxg5 24. Rxf7 Kxf7 25. Qf3+ Qxf3 26. gxf3 b6 27. Kg2 Bb7 28. Rd7+ Kg6 29. Rxc7 Rd8 30. Rxb7 Rd2+ 31. Kg3 Rxb2 32. Rxa7 Rb3 33. Ne2 Rxb5 34. Rb7 Rb2 35. Nd4 c3 36. Rc7 Rd2 37. Rc4 Rd3 38. Nb5 c2 39. Rxc2 Rb3 40. a4 Kh5 41. Rc6 Rb4 42. Rxe6 Rb3 43. Rxb6 g4 44. Rf6 gxf3 45. Rxf3 Rb4 46. Kf4 Rxa4 47. Kf5 Ra8 48. Rh3# 1-0

[Event "Hull 4NCL op-C"]
[Site "Hull"]
[Date "2023.09.08"]
[Round "1"]
[White "Patel, Diah Dipal"]
[Black "Weller, Colin"]
[Result "1/2-1/2"]
[WhiteElo "1455"]
[BlackElo "1599"]
[PlyCount "100"]
[EventDate "2023.09.08"]
[EventType "swiss"]
[EventRounds "5"]
[EventCountry "ENG"]
[SourceTitle "CBM 216 Extra"]
[Source "ChessBase"]
[SourceDate "2023.11.30"]
[SourceVersion "1"]
[SourceVersionDate "2023.11.30"]
[SourceQuality "1"]

1. e4 d6 2. d4 Nf6 3. Nc3 Nbd7 4. Nf3 e5 5. d5 Be7 6. g3 h6 7. Bg2 Nc5 8. Qe2 Bg4 9. h3 Bh5 10. g4 Bg6 11. Qb5+ Qd7 12. Qxd7+ Kxd7 13. Nd2 Na6 14. a3 Bh7 15. 0-0 g5 16. b4 Rag8 17. Nb5 Ra8 18. Bb2 h5 19. f3 c6 20. dxc6+ bxc6 21. Nc3 Nc7 22. Rad1 Ne6 23. Ne2 hxg4 24. fxg4 Nf4 25. Nxf4 gxf4 26. Nf3 Kc7 27. Ng5 Bg6 28. c4 Nd7 29. Nf3 f6 30. Rfe1 Nb6 31. c5 dxc5 32. Nxe5 Rhg8 33. Nxg6 Rxg6 34. e5 cxb4 35. exf6 Bc5+ 36. Bd4 Bxd4+ 37. Rxd4 Nd5 38. Bxd5 cxd5 39. Rxf4 bxa3 40. f7 Rf8 41. Ra1 Ra6 42. Rf3 a2 43. Rf2 Kb7 44. Rb2+ Rb6 45. Rbxa2 a6 46. Rf2 Rd6 47. Re1 Rd7 48. Ref1 Rd6 49. Re1 Rd7 50. Ref1 Rd6 1/2-1/2

[Event "Daventry 4NCL Easter op-C 2nd"]
[Site "Daventry"]
[Date "2022.04.16"]
[Round "3"]
[White "Patel, Diah Dipal"]
[Black "Horspool, Ben"]
[Result "0-1"]
[WhiteElo "1318"]
[BlackElo "1525"]
[PlyCount "72"]
[EventDate "2022.04.15"]
[EventType "swiss"]
[EventRounds "7"]
[EventCountry "ENG"]
[SourceTitle "CBM 207 Extra"]
[Source "ChessBase"]
[SourceDate "2022.05.31"]
[SourceVersion "1"]
[SourceVersionDate "2022.05.31"]
[SourceQuality "1"]

1. e4 e5 2. Nf3 Nc6 3. Nc3 Bc5 4. Nxe5 Nxe5 5. d4 Bxd4 6. Qxd4 d6 7. Bc4 Nf6 8. Bf4 Nxc4 9. 0-0-0 Be6 10. b3 Ne5 11. Bxe5 dxe5 12. Qa4+ Bd7 13. Qc4 0-0 14. h4 c6 15. h5 Qa5 16. h6 g6 17. Qd3 Rad8 18. Qf3 Ne8 19. Rh2 Qa3+ 20. Kb1 Qe7 21. g4 Qg5 22. Rg1 Nf6 23. Rhg2 Bxg4 24. Rxg4 Nxg4 25. Rxg4 Qxh6 26. Rg3 Rd7 27. Qg4 Rfd8 28. a3 Rd2 29. Rg2 Qf8 30. Kb2 Qc5 31. Rh2 Rxf2 32. Rh1 Rdd2 33. b4 Rxc2+ 34. Kb3 Qxc3+ 35. Ka4 b5+ 36. Ka5 Qxa3# 0-1